Better life in the village (Record no. 392984)

000 -LEADER
fixed length control field 00433cam a22001217a 4500
008 - FIXED-LENGTH DATA ELEMENTS--GENERAL INFORMATION
fixed length control field 180718b1934 xxu||||| |||| 00| 0 eng d
082 ## - DEWEY DECIMAL CLASSIFICATION NUMBER
Classification number B135x5421 Ut8
245 ## - TITLE STATEMENT
Title Better life in the village
Statement of responsibility, etc. by Director of Publicity
260 ## - PUBLICATION, DISTRIBUTION, ETC.
Place of publication, distribution, etc. Allahabad
Name of publisher, distributor, etc. The Superintendent, Printing and Stationery
Date of publication, distribution, etc. 1934
300 ## - PHYSICAL DESCRIPTION
Extent 2vols.
500 ## - GENERAL NOTE
General note Library has v.2. Practical aids to rural uplift. 87p
700 ## - ADDED ENTRY--PERSONAL NAME
Personal name United Provinces. Director of Publicity
Holdings
Withdrawn status Lost status Damaged status Not for loan Permanent Location Current Location Date acquired Full call number Barcode Date last seen Price effective from Koha item type
        Indian Institute of Public Administration Indian Institute of Public Administration 2000-04-10 B135x5421 Ut8 24266 2018-07-21 2018-07-21 Book

Powered by Koha